00739nam a22001817a 4500003000900000008004100009040007100050082002600121100002800147245010100175260002700276300004900303505015100352650000900503650001000512650001700522650001800539AR-CdUCM190403b ||||| |||| 00| 0 spa d aMUNICIPALIDAD PROVINCIAL DEL CUSCOcBIBLIOTECA MUNICIPAL DEL CUSCO a348.31 /bP855 / 1940 aPosadas, Efren y Tobias aLa nueva legislación del oro :bcompilación de las leyes, decretos y resoluciones vigentes / aLima :bAntena,c1940. a95 páginas ;bReglamento Plegable.c18 cm. aContenido: Disposiciones sustantivas -- Disposiciones procesales y demás reglamentarias -- Establecimiento de las regiones de trabajo libre ...  aPeru aLeyes aMinas de oro aLegislación